000 00511nam a22001817a 4500
005 20161206102805.0
010 _aENG-116334
020 _a9789351950578
_c399.00
035 _aEN-99866
037 _bDBAD/PUB
082 _aN
100 _aMausoof,S.S.
245 _aThe warehouse /
_cby S.S. Mausoof
260 _aGurgaon
_bHachette Book Publishing
_c2016
270 _a\4th/5th Floor, Corporete Center,Sector 44
_bGugaon
_e122003
300 _axiii,237p. :
_b(map)
_c20cm(pbk)
942 _2ddc
_cEN
_hN
_mMAU
999 _c104340
_d104340